Kliknij powiaty województwa podkarpackiego na mapie - Statystyki

Ogólne statystyki
  • Ten quiz został rozwiązany 1 903 razy
  • Średni wynik to 17 z 25
Odpowiedzi na mapie
Odpowiedzi zakodowano w zielono-czerwonej skali na mapie do tego quizu, zgodnie z poniższymi procentami.
 
Statystyki odpowiedzi
Odpowiedź % Poprawnych
rzeszowski
91%
Rzeszów
90%
przemyski
88%
bieszczadzki
86%
Krosno
83%
Przemyśl
83%
krośnieński
81%
Tarnobrzeg
81%
tarnobrzeski
80%
leski
67%
stalowowolski
66%
sanocki
65%
dębicki
64%
jarosławski
63%
lubaczowski
63%
jasielski
62%
łańcucki
60%
mielecki
60%
kolbuszowski
59%
przeworski
58%
ropczycko-sędziszowski
57%
brzozowski
56%
strzyżowski
56%
leżajski
54%
niżański
53%
Nie znaleziono quizów pasujących do podanych kryteriów
Rozkład punktacji
Procent ludzi z każdym wynikiem
Percentyl według liczby udzielonych odpowiedzi
Twoja historia wyników
Nie rozwiązałeś tego quizu